| 000 | 01454nam a2200397 a 4500 | ||
|---|---|---|---|
| 999 |
_c74245 _d74245 |
||
| 003 | BLK | ||
| 005 | 20250801181959.0 | ||
| 008 | 180408b bul|||||r ||||||| ||bul|| | ||
| 010 | _aKNG00078644000 | ||
| 020 | _a954-27-0021-0 | ||
| 040 | _aBLK | ||
| 041 |
_aBUL _cBUL |
||
| 080 |
_aАмериканска литература (на САЩ) _b821.111(73) _x-93-91 _z821.111(73)-93-91 |
||
| 139 |
_aЦар Лъв _bЦ 20 |
||
| 245 | 1 | 0 |
_aЦар Лъв _cпрев. Харалампи Харалампиев Аничкин. |
| 250 | _a3. изд. | ||
| 257 | _aUSA | ||
| 260 |
_bЕгмонт България _c2006 _fВ. Търново : Абагар _aСофия |
||
| 300 |
_a64 с. _bс цв. ил. _c28 см |
||
| 380 | _aDX | ||
| 490 |
_aПриказна колекция _v6 _9203480 _gСерия - Книги |
||
| 500 | _aОриг. загл. Lion King. - 1. изд. 1995 в сер. Егмонт Макси. - Офс. изд. - Доп. тир. 2009. | ||
| 653 | _aприказки | ||
| 653 | _aлитература за деца | ||
| 653 | _aдетска литература | ||
| 700 | 1 |
_aАничкин, Харалампи Харалампиев _eпрев. _9364774 |
|
| 852 | _aЦб ІІ 14816 | ||
| 856 | 4 | _qpdf | |
| 856 | 4 | _qpdf | |
| 942 |
_cKNG _n0 _075 _s1 |
||
| 944 |
_aCR _c25.10.2007 _lГрета Цуфелде _k30537 |
||
| 944 |
_aED _c12.01.2011 _lф / |
||
| 999 | _d74245 | ||
| 999 | _d74245 | ||
| 999 | _d74245 | ||